000
00310nam a22001457a 4500
008
221018b ||||| |||| 00| 0 eng d
020
_a
40135489091
041
_a
eng
080
_a
338
082
_a
338
100
_a
23.1
101
_a
MANA
245
_a
THE MANAGEMENT OF TIME
_c
McCAY J
942
_2
udc
_c
BK
999
_c
58595
_d
58595